| 000 | 00455cam a2200181ua 4500 | ||
|---|---|---|---|
| 001 | 3621 | ||
| 008 | 111128n ii |||gr||||Z||||||eng | ||
| 040 | _cMAIN | ||
| 082 | _a910.54162 | ||
| 100 |
_aBarua, Hem, _eAuthor. |
||
| 245 | 1 | 1 |
_aRed river and the blue river _cby Hem Barua |
| 250 | _a3rd. | ||
| 260 |
_aCalcutta: _bLawyers book stall,962. |
||
| 300 |
_a205p: _c23cm. |
||
| 653 | _aHistory | ||
| 653 | _aRed river and the blue river | ||
| 942 | _cBK | ||
| 999 |
_c3462 _d3462 |
||